000 01578mam a2200313 a 4500
001 12935
003 BD-RjUL
005 20211208235358.0
008 140129s19971996enka b 001 0 eng d
020 _a041271230X (pbk.)
035 _a(OCoLC)ocm34795868
035 _a(BD-RjUL)12985
040 _aAAA
_cAAA
_dBD-RjUL
_beng
041 _aeng
082 0 0 _a614.432
_bSEM 1997
100 1 _aService, M. W.
_940329
245 1 0 _aMedical entomology for students /
_cM.W. Service.
260 _aLondon ;
_aNew York :
_bChapman & Hall,
_cc1996 [Reprinted 1997].
300 _axi, 278 p. :
_bill. ;
_c24 cm.
504 _aIncludes bibliographical references and index.
520 _aArthropod vectors of disease pose major health problems worldwide. This textbook aims to provide the reader with basic information on the recognition, biology and medical importance of arthropods which affect human health and their control. The book is primarily aimed at students of subjects as diverse as tropical medicine, parasitology, entomology and pest control. It is also intended as a source of information for physicians, nurses, health officials and community health workers.
520 8 _aEasy accessibility, beautiful illustrations and clear presentation combine to make this book essential reading for students and teachers alike of this important subject.
650 0 _aInsects as carriers of disease.
_939133
650 0 _aEntomology.
_940330
650 2 _aInsect Vectors
_xparasitology.
_940331
650 2 _aEntomology.
_940332
942 _2ddc
_cBK
999 _c12935
_d12935